[Event "Witwatersrand USSA Cup (Women)"]
[Site "Witwatersrand"]
[Date "2015.04.23"]
[Round "1"]
[White "Voges, Rachelle Mari"]
[Black "Tlale, Seadimo"]
[Result "0-1"]
[WhiteElo "1609"]
[BlackElo "1532"]
[PlyCount "96"]
[EventDate "2015.04.23"]
[EventType "tourn"]
[EventRounds "9"]
[EventCountry "RSA"]
[SourceTitle "EXT 2016"]
[Source "ChessBase"]
[SourceDate "2015.10.08"]
[SourceVersion "1"]
[SourceVersionDate "2015.10.08"]
[SourceQuality "1"]

1. d4 Nf6 2. c4 g6 3. Nf3 Bg7 4. Nc3 d6 5. Bg5 0-0 6. e3 Qe8 7. Be2 Nc6 8. Nb5 Qd8 9. 0-0 Ne4 10. Bh4 f5 11. Nc3 Nf6 12. a3 a6 13. Qc2 e5 14. Nd5 e4 15. Nd2 h6 16. Bxf6 Bxf6 17. Nxf6+ Qxf6 18. f3 Qg5 19. Qc3 Re8 20. fxe4 fxe4 21. Rf4 Bf5 22. Raf1 h5 23. Bd1 Re7 24. Bc2 Rae8 25. R1f2 Nd8 26. b4 Nf7 27. h4 Qh6 28. Nf1 Qg7 29. Ng3 Nh6 30. Bd1 c5 31. Rd2 Bg4 32. Ba4 Rf8 33. Rxe4 Rxe4 34. Nxe4 Qe7 35. Bc2 cxb4 36. Qxb4 Qxh4 37. Rf2 Bf5 38. Rf4 Ng4 39. Qxd6 Qh2+ 40. Kf1 Nxe3+ 41. Ke2 Nxc2 42. Qd5+ Rf7 43. Qd8+ Kg7 44. Qg5 Nxd4+ 45. Ke3 Ne6 46. Qh4 Qxf4+ 47. Qxf4 Nxf4 48. Kxf4 Bxe4+ 0-1